| 000 | 01149nam0a22002891 4500 | ||
|---|---|---|---|
| 001 | rc\4754042 | ||
| 005 | 20250613065125.0 | ||
| 021 |
_aRU _b67-3969 |
||
| 021 |
_aRU _bРг2453-67 |
||
| 035 | _a(NLR Aleph) 008994270 | ||
| 090 |
_a9266387 _c9266387 |
||
| 100 | _a20130417d1966 |||y0rusy50 ca | ||
| 101 | 0 | _arus | |
| 102 | _aRU | ||
| 105 | _aa z ||||| | ||
| 200 | 1 |
_aТенденции развития литейных никелевых и кобальтовых жаропрочных сплавов _eОбзор иностр. техн. литературы за 1961-1965 гг. _fВсесоюз. ордена Ленина науч.-исслед. ин-т авиац. материалов |
|
| 210 |
_a[Москва] _cОНТИ _d1966 |
||
| 215 |
_a50 с. _cил. _d22 |
||
| 300 | _aНа обл. авт. не указаны | ||
| 320 | _aБиблиогр.: с. 49-50 | ||
| 700 | 1 |
_7ca _8rus _aЛашко _bН. Ф. _f1906-1985 _gНиколай Фёдорович _9266907 _3RU\NLR\AUTH\770266963 |
|
| 701 | 1 |
_aГлезер _bТ.М. |
|
| 801 | 0 |
_aRU _bNLR _gpsbo |
|
| 801 | 1 |
_aRU _bELAR _2rusmarc |
|
| 852 |
_aNLR _j67-6/2744 |
||
| 942 | _cBOOK | ||
| 980 | _aNB | ||